Normal view
MARC view
Entry Personal Name
001 - CONTROL NUMBER
- control field: 315908
003 - CONTROL NUMBER IDENTIFIER
- control field: OSt
005 - DATE AND TIME OF LATEST TRANSACTION
- control field: 20220926012240.0
008 - FIXED-LENGTH DATA ELEMENTS
- fixed length control field: 220926|| aca||aabn | a|a d
040 ## - CATALOGING SOURCE
- Original cataloging agency: OSt
- Transcribing agency: OSt
100 ## - HEADING--PERSONAL NAME
- Personal name: Snower D J
670 ## - SOURCE DATA FOUND
- Source citation: Work cat.: (OSt)622218: Booth Alison L 278463, Acquiring skills market failure, their symptoms and policy responses, 1996
